佛学基本知识 (Record no. 51863)

000 -LEADER
fixed length control field 00378nam a22001577a 4500
003 - CONTROL NUMBER IDENTIFIER
control field MPLRDC
005 - DATE AND TIME OF LATEST TRANSACTION
control field 20220104150425.0
008 - FIXED-LENGTH DATA ELEMENTS--GENERAL INFORMATION
fixed length control field 210129b ||||| |||| 00| 0 eng d
082 ## - DEWEY DECIMAL CLASSIFICATION NUMBER
Classification number 220.7 SSS
100 ## - MAIN ENTRY--PERSONAL NAME
Personal name 释从慈编述
245 ## - TITLE STATEMENT
Title 佛学基本知识
Statement of responsibility, etc.
260 ## - PUBLICATION, DISTRIBUTION, ETC.
Place of publication, distribution, etc.
Name of publisher, distributor, etc. 佛陀教育基金会
Date of publication, distribution, etc. 1989
300 ## - PHYSICAL DESCRIPTION
Other physical details
650 ## - SUBJECT ADDED ENTRY--TOPICAL TERM
Topical term or geographic name entry element 佛教杂论
942 ## - ADDED ENTRY ELEMENTS (KOHA)
Koha item type Book
-- 220.7 SSS
Holdings
Withdrawn status Lost status Source of classification or shelving scheme Damaged status Not for loan Collection code Home library Current library Shelving location Date acquired Cost, normal purchase price Total Checkouts Total Renewals Full call number Barcode Date last seen Date last checked out Price effective from Koha item type Public note
            Malaysian Public Library, Research and Development Centre Malaysian Public Library, Research and Development Centre   10/12/2007 0.00   1 220.7 SSS 00052040 18/03/2021 08/11/2013 18/03/2021 Book mplrdc

© 2022. Malaysian Public Library, Research and Development Centre. All Right ReservedE-mailmplrdc@help.edu.my 

Powered by Koha